| 000 | 01138 a2200205 4500 | ||
|---|---|---|---|
| 020 | _a0070410410 | ||
| 020 | _a9780070410411 | ||
| 082 | 0 | 4 | _a664.00688 |
| 090 |
_c2837 _d2837 |
||
| 100 | 1 | _aMaucher, Helmut. | |
| 245 | 1 | 0 |
_aLeadership in action : _btough-minded strategies from the global giant / _cHelmut Maucher. |
| 250 | _aFirst Edition ed. | ||
| 260 |
_a[S.l.] : _bMcGraw-Hill Companies, _c1994. |
||
| 300 |
_a160 p. ; _c24 cm. |
||
| 500 | _aHardcover. | ||
| 520 | _aVeterans of downsizing and corporate turnarounds will be fascinated by the management style and philosophy of the chairman and CEO of mammoth Nestle Corporation. In matters of leadership on the global frontier, Helmut Maucher knows more than almost anyone. Readers everywhere will devour his inside look at Nestle's $38 billion operations, and the secrets of its success. German language edition has already sold more than 10,000 copies. | ||
| 856 | 4 | 0 |
_3Amazon.com _uhttp://www.amazon.com/exec/obidos/ASIN/0070410410/chopaconline-20 |
| 856 | 4 | 0 |
_3Amazon customer reviews _uhttp://www.chopac.org/cgi-bin/tools/azrev.pl?q=0070410410 |
| 942 |
_aNBS _cBK _k303.34 MNU |
||
| 999 |
_c345327 _d345327 |
||